MARC details
| 000 - LÍDER |
| campo de control de longitud fija |
01734nam a2200253Ia 4500 |
| 008 - ELEMENTOS DE DATOS DE LONGITUD FIJA - INFORMACIÓN GENERAL |
| campo de control de longitud fija |
0000002009 ag ad 0000000000mul00 |
| 020 ## - INTERNATIONAL STANDARD BOOK NUMBER |
| International Standard Book Number |
9788492711437 |
| 090 ## - NÚMERO DE LLAMADA DE TIPO LC LOCALMENTE ASIGNADO (OCLC) |
| Número de clasificación (OCLC) (R) |
PSP00 E77e |
| 245 10 - TÍTULO DECLARACIÓN |
| Título |
Esteban Lisa |
| Resto del título |
: au pays des Cédres = in the land of the Cedars |
| -- |
: tradition et abstraction = tradition and abstraction |
| Declaración de responsabilidad |
/ textos Juan Carlos Gafo Acevedo ...[et al.] ; comisarios Luis Prados, Jorge Virgili ; traducción Laura Suffield ; fotografías Gonzalo de La Serna |
| 260 ## - PUBLICACIÓN, DISTRIBUCIÓN |
| Lugar de publicación |
Buenos Aires : Fundación Esteban Lisa |
| Fecha de publicación |
2009 |
| 300 ## - DESCRIPCIÓN FÍSICA |
| Alcance |
133 p. |
| Dimensiones |
/ 29 cm. |
| 500 ## - NOTA GENERAL |
| Nota general |
Exposición realizada en Fondation Audi, marzo abril, 2010 \ Texto bilingue: francés inglés \ Incluye cronología del artista \ Proyecto Ganador Programa Apoyos Concertados FGAA 2010 |
| 501 ## - Con nota |
| Con nota |
Esteban Lisa au pays des Cèdres: tradition et abstraction = Esteban Lisa : in the land of the Cedars : tradition and abstraction / Jorge Virgili Esteban Lisa : un peintre mulgré lui = Esteban Lisa : a painter in spite of himsel / Gregory Buchakjian Esteban Lisa au pays des Cédres = Esteban Lisa in the country of the cedars Esteban Lisa : la culture tradicionelle du Liban, la culture contemporaine et l'art d'Asef Bichilani = Lebanese traditional culture, contemporary culture and the art of Asef Bichilani |
| 600 00 - ENTRADA DE SUJETO AÑADIDO - NOMBRE PERSONAL |
| Nombre de la persona |
LISA, ESTEBAN, 18951983/ |
| Subdivisión general |
TRABAJOS PICTORICOS |
| 650 14 - ENTRADA DE SUJETO AÑADIDO - TÉRMINO TÓPICO |
| Término tópico o elemento de entrada del nombre geográfico |
ARTE CONTEMPORANEO ESPAÑOL |
| 650 14 - ENTRADA DE SUJETO AÑADIDO - TÉRMINO TÓPICO |
| Término tópico o elemento de entrada del nombre geográfico |
ARTISTAS PLASTICOS ESPAÑOLES |
| 650 14 - ENTRADA DE SUJETO AÑADIDO - TÉRMINO TÓPICO |
| Subdivisión general |
CATALOGOS |
| 650 14 - ENTRADA DE SUJETO AÑADIDO - TÉRMINO TÓPICO |
| Término tópico o elemento de entrada del nombre geográfico |
DIBUJO AL PASTEL |
| 650 14 - ENTRADA DE SUJETO AÑADIDO - TÉRMINO TÓPICO |
| Término tópico o elemento de entrada del nombre geográfico |
PINTORES ESPAÑOLES |
| 650 14 - ENTRADA DE SUJETO AÑADIDO - TÉRMINO TÓPICO |
| Término tópico o elemento de entrada del nombre geográfico |
PINTURA ABSTRACTA |
| 650 14 - ENTRADA DE SUJETO AÑADIDO - TÉRMINO TÓPICO |
| Término tópico o elemento de entrada del nombre geográfico |
PINTURA AL OLEO |
| 650 14 - ENTRADA DE SUJETO AÑADIDO - TÉRMINO TÓPICO |
| Término tópico o elemento de entrada del nombre geográfico |
PINTURA ESPAÑOLA |
| 700 1# - ENTRADA AGREGADA - NOMBRE PERSONAL |
| Nombre de la persona |
Gafo Acevedo, Juan Carlos \ Serna, Gonzalo de la \ Suffield, Laura |